00333nam a2200133Ia 4500008004100000020001800041041000800059082001600067100002300083245002600106260004600132300000800178650001300186231004s2016 xx 000 0 und d a9788189996437 aeng a370.72bSAN aDR.SANDHU, KAMLESH aRESEARCH IN EDUCATION aNEW DELHIbSHRI SAI PRINTO GRAPHERSc2016 a373 aRESEARCH